Historické korene sociálnej ekonomiky
Historický vývoj sociálnej ekonomiky. Sociálna ekonomika a sociálne podnikanie - moderné nástroje sociálnej politiky aplikované na trhové hospodárstvo. Eliminácia sociálneho obmedzovania, sociálneho vylúčenia z trhu práce, nezamestnanosti, chudoby .
Enregistré dans:
| Auteur principal: | |
|---|---|
| Format: | Chapitre de livre |
| Langue: | slovaque |
| Sujets: | |
| Tags: |
Pas de tags, Soyez le premier à ajouter un tag!
|
MARC
| LEADER | 00000nla$a2200000$$$4500 | ||
|---|---|---|---|
| 001 | 0103349 | ||
| 005 | 20240502072125.7 | ||
| 041 | 0 | |a slo | |
| 044 | |a SK | ||
| 245 | 1 | 0 | |a Historické korene sociálnej ekonomiky |c Eva Pongráczová |
| 520 | |a Historický vývoj sociálnej ekonomiky. Sociálna ekonomika a sociálne podnikanie - moderné nástroje sociálnej politiky aplikované na trhové hospodárstvo. Eliminácia sociálneho obmedzovania, sociálneho vylúčenia z trhu práce, nezamestnanosti, chudoby . | ||
| 610 | 2 | 0 | |a ekonomika sociálna |
| 610 | 2 | 0 | |a podnik sociálny |
| 610 | 2 | 0 | |a história |
| 610 | 2 | 0 | |a vylúčenie sociálne |
| 610 | 2 | 0 | |a trh práce |
| 100 | 1 | |a Pongráczová, Eva, 1971- | |